000 00275 a2200121 4500
999 _c151
_d151
003 OSt
005 20210604081602.0
008 210604b ||||| |||| 00| 0 eng d
040 _aDLC
_bDLC
_cDLC
050 _aHD82
_b.T6 2000
245 _aECONOMIC DEVELOPMENT
942 _2lcc
_cBK
_nJO